| 000 | 01368nam a2200325 a 4500 | ||
|---|---|---|---|
| 001 | ebr10672351 | ||
| 003 | CaPaEBR | ||
| 006 | m u | ||
| 007 | cr cn||||||||| | ||
| 008 | 130319s2013 enka s 001 0 eng d | ||
| 020 | _z9781849694445 | ||
| 020 | _z9781849694452 (e-book) | ||
| 040 |
_aCaPaEBR _cCaPaEBR |
||
| 035 | _a(OCoLC)841170304 | ||
| 050 | 1 | 4 |
_aG70.212 _b.P56 2013eb |
| 100 | 1 | _aPimpler, Eric. | |
| 245 | 1 | 0 |
_aProgramming ArcGIS 10.1 with Python cookbook _h[electronic resource] : _bover 75 recipes to help you automate geoprocessing tasks, create solutions, and solve problems for ArcGIS with Python / _cEric Pimpler. |
| 260 |
_aBirmingham : _bPackt Pub., _c2013. |
||
| 300 |
_aiv, 288 p. : _bill. |
||
| 500 | _aIncludes index. | ||
| 500 | _a"Quick answers to common problems"--Cover. | ||
| 533 |
_aElectronic reproduction. _bPalo Alto, Calif. : _cebrary, _d2013. _nAvailable via World Wide Web. _nAccess may be limited to ebrary affiliated libraries. |
||
| 630 | 0 | 0 | _aArcGIS. |
| 650 | 0 | _aGeographic information systems. | |
| 650 | 0 | _aGraphical user interfaces (Computer systems) | |
| 650 | 0 | _aPython (Computer program language) | |
| 655 | 7 |
_aElectronic books. _2local |
|
| 710 | 2 | _aebrary, Inc. | |
| 856 | 4 | 0 |
_uhttp://site.ebrary.com/lib/rucke/Doc?id=10672351 _zAn electronic book accessible through the World Wide Web; click to view |
| 999 |
_c176724 _d176724 |
||